[Event "Titled Tuesday intern op 16th Apr Late"]
[Site "Chess.com INT"]
[Date "2024.04.16"]
[Round "3"]
[White "Collins, Adam"]
[Black "Grigorov, Grigor"]
[Result "0-1"]
[WhiteElo "2176"]
[BlackElo "2514"]
[PlyCount "84"]
[EventDate "2024.04.16"]
[EventType "swiss (blitz)"]
[EventRounds "11"]
[EventCountry "USA"]
[SourceTitle "CB17_2024"]
[SourceDate "2024.04.24"]
[SourceVersion "1"]
[SourceVersionDate "2024.04.24"]
[SourceQuality "1"]

1. Nf3 Nf6 2. e3 b6 3. b3 Bb7 4. Be2 e6 5. Bb2 g6 6. 0-0 Bg7 7. d4 0-0 8. c4 c5 9. Nc3 d5 10. dxc5 bxc5 11. cxd5 exd5 12. Rc1 Nbd7 13. Na4 Rc8 14. Ba3 Ne4 15. Nd2 Qe7 16. Nxe4 dxe4 17. Qd2 Rfd8 18. Qa5 Ne5 19. Nxc5 Nf3+ 20. Bxf3 exf3 21. Nxb7 Qxb7 22. Rxc8 Rxc8 23. Rd1 h5 24. gxf3 Qxf3 25. Rd8+ Rxd8 26. Qxd8+ Kh7 27. Qd2 h4 28. h3 Qxh3 29. Qd5 Qg4+ 30. Qg2 Qf5 31. Be7 h3 32. Qg5 Qb1+ 33. Kh2 Qxa2 34. Qh4+ Kg8 35. Bb4 Be5+ 36. Kxh3 Qxb3 37. Qe7 Qd5 38. Qe8+ Kh7 39. e4 Qd3+ 40. Kh4 Qxe4+ 41. Kh3 Qf3+ 42. Kh4 Bf6# 0-1

[Event "Titled Tuesday intern op 16th Apr Early"]
[Site "Chess.com INT"]
[Date "2024.04.16"]
[Round "1"]
[White "Grigorov, Grigor"]
[Black "Dmitrenko, Viktor"]
[Result "1-0"]
[WhiteElo "2514"]
[BlackElo "2395"]
[PlyCount "101"]
[EventDate "2024.04.16"]
[EventType "swiss (blitz)"]
[EventRounds "11"]
[EventCountry "USA"]
[SourceTitle "CB17_2024"]
[SourceDate "2024.04.24"]
[SourceVersion "1"]
[SourceVersionDate "2024.04.24"]
[SourceQuality "1"]

1. d4 d5 2. c4 e6 3. Nf3 Nf6 4. g3 c5 5. cxd5 exd5 6. Bg2 Nc6 7. 0-0 Be7 8. Nc3 0-0 9. dxc5 Bxc5 10. Na4 Be7 11. Be3 Ne4 12. Rc1 Be6 13. Nd4 Nxd4 14. Bxd4 b6 15. Nc3 Nxc3 16. Rxc3 Rc8 17. Qd3 Qd7 18. Rfc1 Bb4 19. Rxc8 Rxc8 20. Rxc8+ Qxc8 21. h4 Qc1+ 22. Kh2 Bc5 23. Bxc5 Qxc5 24. e3 g6 25. a3 Qc1 26. Qd4 Qc2 27. Qf6 h5 28. Bh3 Bxh3 29. Kxh3 Qc8+ 30. Kg2 Qc4 31. Kh2 Qe4 32. Qd8+ Kg7 33. Qc7 Qf3 34. Kg1 Qd1+ 35. Kg2 Qd2 36. Qe5+ Kh7 37. Qf6 Kg8 38. Kf3 Qd1+ 39. Kf4 Qg4+ 40. Ke5 Qe4+ 41. Kd6 Qd3 42. Ke7 Qe4+ 43. Kd7 Qd3 44. Ke8 Qe4+ 45. Qe7 Qa4+ 46. Kd8 Qc6 47. Qe8+ Kg7 48. Qxc6 d4 49. exd4 Kh7 50. Qf6 Kg8 51. Ke7 1-0

[Event "Titled Tuesday intern op 16th Apr Late"]
[Site "Chess.com INT"]
[Date "2024.04.16"]
[Round "1"]
[White "Martinez Martin, David"]
[Black "Grigorov, Grigor"]
[Result "0-1"]
[WhiteElo "2390"]
[BlackElo "2514"]
[PlyCount "102"]
[EventDate "2024.04.16"]
[EventType "swiss (blitz)"]
[EventRounds "11"]
[EventCountry "USA"]
[SourceTitle "CB17_2024"]
[SourceDate "2024.04.24"]
[SourceVersion "1"]
[SourceVersionDate "2024.04.24"]
[SourceQuality "1"]

1. e4 c6 2. d4 d5 3. e5 Bf5 4. Nc3 e6 5. g4 Bg6 6. Nge2 c5 7. h4 h5 8. Nf4 Bh7 9. g5 Bf5 10. dxc5 Bxc5 11. Bb5+ Nc6 12. Kf1 g6 13. Nce2 Nge7 14. Nd4 Qb6 15. Bxc6+ bxc6 16. c3 Be4 17. f3 Bf5 18. Rh2 Qc7 19. Re2 Bb6 20. a4 a6 21. b4 c5 22. a5 Ba7 23. Qa4+ Qd7 24. Qxd7+ Kxd7 25. Nb3 cxb4 26. cxb4 Rab8 27. Bd2 Rhc8 28. Rc1 Rc4 29. Rxc4 dxc4 30. Nc5+ Bxc5 31. bxc5 Kc6 32. Kf2 Kxc5 33. Be3+ Kc6 34. Rd2 Nd5 35. Nxd5 exd5 36. Bb6 c3 37. Rd1 c2 38. Rc1 Kb5 39. Ke3 Kc4 40. Kd2 Kb3 41. f4 Rc8 42. Bd4 Rc4 43. Be3 d4 44. Bf2 d3 45. Be3 Ra4 46. Re1 Rxa5 47. Bd4 Kc4 48. Be3 Rb5 49. Rc1 Rb1 50. Ke1 Kc3 51. Bd2+ Kb2 0-1

[Event "Titled Tuesday intern op 16th Jan Early"]
[Site "Chess.com INT"]
[Date "2024.01.16"]
[Round "2"]
[White "Grigorov, Grigor"]
[Black "Radzhabov, Rodion"]
[Result "1-0"]
[WhiteElo "2513"]
[BlackElo "2265"]
[PlyCount "117"]
[EventDate "2024.01.16"]
[EventType "swiss (blitz)"]
[EventRounds "11"]
[EventCountry "USA"]
[SourceTitle "CB04_2024"]
[SourceDate "2023.10.16"]
[SourceVersion "1"]
[SourceVersionDate "2023.10.16"]
[SourceQuality "1"]

1. Nf3 d5 2. g3 Nc6 3. d4 Bf5 4. Bg2 Nb4 5. Na3 e6 6. 0-0 h6 7. Ne5 Nf6 8. c3 Na6 9. c4 Bxa3 10. Qa4+ Nd7 11. Nxd7 Qxd7 12. Qxa3 c6 13. cxd5 exd5 14. Bf4 Nc7 15. Qe3+ Ne6 16. h4 0-0 17. Qd2 Nxf4 18. Qxf4 Rfe8 19. Rfe1 Be4 20. Bf1 a5 21. Rac1 a4 22. a3 Qe7 23. Rc3 g5 24. Qg4 Qe6 25. Qh5 Qg6 26. Qxg6+ Bxg6 27. hxg5 hxg5 28. e3 Kg7 29. Bg2 f5 30. Rec1 Ra6 31. Rd1 Rb6 32. Rd2 Ra8 33. Bf3 Kf6 34. Bd1 Bf7 35. f4 g4 36. Rh2 Kg7 37. Rcc2 Rb3 38. Rce2 Rd3 39. Bc2 Rb3 40. Bxb3 axb3 41. Rh4 Re8 42. Kf2 Re6 43. Ke1 Bg6 44. Kd2 b6 45. Reh2 Re8 46. Rh1 c5 47. Rc1 c4 48. Re1 b5 49. Kc3 Ra8 50. Kb4 Rb8 51. Rh2 Kf6 52. Kc5 Kg7 53. Kxd5 b4 54. axb4 c3 55. bxc3 Bf7+ 56. Kc5 Rc8+ 57. Kd6 Rxc3 58. b5 b2 59. Rxb2 1-0

[Event "Titled Tuesday intern op 05th Sep Late"]
[Site "Chess.com INT"]
[Date "2023.09.05"]
[Round "1"]
[White "Can, Melih Kaan"]
[Black "Grigorov, Grigor"]
[Result "0-1"]
[WhiteElo "2136"]
[BlackElo "2510"]
[PlyCount "72"]
[EventDate "2023.09.05"]
[EventType "swiss (blitz)"]
[EventRounds "11"]
[EventCountry "USA"]
[SourceTitle "EXT 2024"]
[Source "ChessBase"]
[SourceDate "2023.10.10"]
[SourceVersion "1"]
[SourceVersionDate "2023.10.10"]
[SourceQuality "1"]

1. e4 c6 2. d4 d5 3. exd5 cxd5 4. Bd3 Nf6 5. h3 g6 6. Nf3 Nc6 7. c3 Bf5 8. Ne5 Bxd3 9. Nxd3 Bg7 10. Bf4 0-0 11. Nd2 Nd7 12. 0-0 e5 13. dxe5 Ndxe5 14. Nxe5 Nxe5 15. Bxe5 Bxe5 16. Nf3 Bf6 17. Qb3 Qd7 18. Rad1 Rad8 19. Rd3 Rfe8 20. Rfd1 Qc6 21. Rxd5 Rxd5 22. Qxd5 Qb6 23. Qb3 Qc6 24. Re1 Rd8 25. Qc2 Kg7 26. Qe4 Qb6 27. Qe2 Rd7 28. Qc2 Qa5 29. b4 Qb5 30. Qb3 Rd3 31. Re3 Rxe3 32. fxe3 Qd3 33. c4 Bc3 34. Kf2 h6 35. a3 a6 36. c5 Be1+ 0-1

[Event "Titled Tuesday intern op 05th Sep Late"]
[Site "Chess.com INT"]
[Date "2023.09.05"]
[Round "5"]
[White "Grigorov, Grigor"]
[Black "Koellner, Ruben Gideon"]
[Result "1-0"]
[WhiteElo "2510"]
[BlackElo "2485"]
[PlyCount "93"]
[EventDate "2023.09.05"]
[EventType "swiss (blitz)"]
[EventRounds "11"]
[EventCountry "USA"]
[SourceTitle "EXT 2024"]
[Source "ChessBase"]
[SourceDate "2023.10.10"]
[SourceVersion "1"]
[SourceVersionDate "2023.10.10"]
[SourceQuality "1"]

1. d4 d6 2. Nf3 Nf6 3. Bg5 Nbd7 4. Nbd2 e5 5. c3 Be7 6. e4 h6 7. Bh4 c6 8. Bd3 Qc7 9. 0-0 Nf8 10. Re1 Ng6 11. Bg3 0-0 12. Nc4 Nd7 13. a4 Re8 14. Qc2 Bf8 15. Rad1 Nf6 16. Ne3 Nh5 17. dxe5 dxe5 18. Bc4 Nxg3 19. hxg3 a6 20. b4 b5 21. Bb3 Be6 22. Nf5 Bxb3 23. Qxb3 Rad8 24. Nh2 Ne7 25. Ng4 h5 26. Nge3 g6 27. Nh4 Bh6 28. Nf1 Rxd1 29. Rxd1 Rd8 30. Nf3 Rxd1 31. Qxd1 Nc8 32. a5 Bg7 33. Qd3 Qd6 34. Qc2 c5 35. N1d2 Ne7 36. bxc5 Qxc5 37. Nb3 Qa3 38. Nfd2 Nc6 39. Qd3 Bf8 40. Qd5 Nxa5 41. Nxa5 Qxa5 42. Qxe5 Qa1+ 43. Kh2 b4 44. Nf3 Qxc3 45. Qd5 b3 46. Ne5 Qc7 47. Nxg6 1-0

[Event "Titled Tuesday intern op 15th Aug Late"]
[Site "Chess.com INT"]
[Date "2023.08.15"]
[Round "4"]
[White "Grigorov, Grigor"]
[Black "Zampronha, Wladimir Camilo"]
[Result "1-0"]
[WhiteElo "2510"]
[BlackElo "2170"]
[PlyCount "95"]
[EventDate "2023.08.15"]
[EventType "swiss (blitz)"]
[EventRounds "11"]
[EventCountry "USA"]
[SourceTitle "EXT 2024"]
[Source "ChessBase"]
[SourceDate "2023.10.10"]
[SourceVersion "1"]
[SourceVersionDate "2023.10.10"]
[SourceQuality "1"]

1. d4 Nf6 2. Nf3 e6 3. Bg5 c5 4. e3 Be7 5. Nbd2 cxd4 6. exd4 Nd5 7. Bxe7 Qxe7 8. c3 d6 9. Bc4 b6 10. 0-0 0-0 11. Re1 Nf6 12. Qe2 a5 13. a4 Ba6 14. h3 Bxc4 15. Nxc4 Nbd7 16. Na3 Rac8 17. Nb5 Nd5 18. Nd2 N7f6 19. Qf3 Rfd8 20. Qg3 Nc7 21. Na7 Ra8 22. Nc6 Qd7 23. Nxd8 Rxd8 24. Nc4 Ncd5 25. Qf3 Qc6 26. Ne3 Qc7 27. Nc2 h6 28. Na3 Qc6 29. Nb5 Qd7 30. Rac1 Nc7 31. Qb7 Nxb5 32. Qxd7 Nxd7 33. axb5 Rc8 34. c4 Kf8 35. f4 Nf6 36. b3 Ke7 37. f5 Kd7 38. fxe6+ fxe6 39. Re2 Ne8 40. Rce1 Nc7 41. Rf2 Re8 42. Rf7+ Re7 43. Rxe7+ Kxe7 44. Kf2 d5 45. Ke3 Kd6 46. Kd3 Ne8 47. c5+ Kc7 48. Rxe6 1-0

[Event "Titled Tuesday intern op 08th Aug Late"]
[Site "Chess.com INT"]
[Date "2023.08.08"]
[Round "3"]
[White "Grigorov, Grigor"]
[Black "Luczak, Filip"]
[Result "1-0"]
[WhiteElo "2510"]
[BlackElo "2317"]
[PlyCount "95"]
[EventDate "2023.08.08"]
[EventType "swiss (blitz)"]
[EventRounds "11"]
[EventCountry "USA"]
[SourceTitle "EXT 2024"]
[Source "ChessBase"]
[SourceDate "2023.10.10"]
[SourceVersion "1"]
[SourceVersionDate "2023.10.10"]
[SourceQuality "1"]

1. d4 d5 2. c4 e6 3. Nf3 Nf6 4. g3 Be7 5. Bg2 0-0 6. 0-0 c6 7. Qc2 b6 8. Rd1 Bb7 9. b3 Nbd7 10. Nc3 Rc8 11. e4 dxe4 12. Nxe4 Nxe4 13. Qxe4 Nf6 14. Qc2 Qc7 15. Bf4 Bd6 16. Bxd6 Qxd6 17. c5 Qe7 18. Ne5 Nd7 19. b4 Rfd8 20. Nc4 Ba6 21. Nd6 Rc7 22. Qa4 Nb8 23. Rac1 Be2 24. Rd2 b5 25. Qb3 Bh5 26. a4 a6 27. Re1 Qg5 28. f4 Qh6 29. Rf2 Bg4 30. Re5 Nd7 31. Re1 Nf6 32. axb5 axb5 33. Qa3 Nd5 34. Qa5 Rcd7 35. Bxd5 exd5 36. Re7 Qf6 37. Re5 Qg6 38. f5 Qg5 39. Rf4 Bh3 40. Qa1 h5 41. Qe1 f6 42. Re8+ Kh7 43. Qe6 Rxe8 44. Qxe8 Ra7 45. Nf7 Ra1+ 46. Kf2 Rf1+ 47. Ke2 Bg4+ 48. Kxf1 1-0

[Event "Titled Tuesday intern op 08th Aug Late"]
[Site "Chess.com INT"]
[Date "2023.08.08"]
[Round "7"]
[White "Grigorov, Grigor"]
[Black "Sjugirov, Sanan"]
[Result "0-1"]
[WhiteElo "2510"]
[BlackElo "2705"]
[PlyCount "76"]
[EventDate "2023.08.08"]
[EventType "swiss (blitz)"]
[EventRounds "11"]
[EventCountry "USA"]
[SourceTitle "EXT 2024"]
[Source "ChessBase"]
[SourceDate "2023.10.10"]
[SourceVersion "1"]
[SourceVersionDate "2023.10.10"]
[SourceQuality "1"]

1. d4 Nf6 2. Nf3 b6 3. Bg5 Bb7 4. Nbd2 g6 5. e3 Bg7 6. Bc4 d6 7. 0-0 Nbd7 8. Qe2 h6 9. Bh4 g5 10. Bg3 Nh5 11. Ne5 Nxe5 12. Bxe5 dxe5 13. Qxh5 0-0 14. c3 exd4 15. exd4 e5 16. Nf3 Bxf3 17. Qxf3 exd4 18. cxd4 Qxd4 19. Bd3 Qxb2 20. Qf5 Rfd8 21. Rae1 Qf6 22. Qh7+ Kf8 23. Re3 Rd4 24. g3 Rad8 25. Rfe1 c6 26. Kg2 g4 27. Bf5 Rd2 28. Re4 R2d4 29. Re7 Rd2 30. Rxa7 Qd4 31. Rf1 Qd5+ 32. Be4 Qc5 33. Rc7 R2d6 34. Re1 Rf6 35. Re2 Qe5 36. Bd3 Qxc7 37. Bc4 Qd7 38. Re4 Qf5 0-1

[Event "Titled Tuesday intern op 08th Aug Late"]
[Site "Chess.com INT"]
[Date "2023.08.08"]
[Round "6"]
[White "Nigalidze, Gaioz"]
[Black "Grigorov, Grigor"]
[Result "1/2-1/2"]
[WhiteElo "2421"]
[BlackElo "2510"]
[PlyCount "126"]
[EventDate "2023.08.08"]
[EventType "swiss (blitz)"]
[EventRounds "11"]
[EventCountry "USA"]
[SourceTitle "EXT 2024"]
[Source "ChessBase"]
[SourceDate "2023.10.10"]
[SourceVersion "1"]
[SourceVersionDate "2023.10.10"]
[SourceQuality "1"]

1. c4 e6 2. Nf3 b6 3. g3 Bb7 4. Bg2 Nf6 5. 0-0 Be7 6. b3 0-0 7. Bb2 c5 8. d4 cxd4 9. Nxd4 Bxg2 10. Kxg2 a6 11. Nc3 Qc7 12. f3 Nc6 13. e4 Nxd4 14. Qxd4 d6 15. Rad1 Qb7 16. Ba3 Rfd8 17. Qd3 Nd7 18. Rd2 Ne5 19. Qe2 Rd7 20. Rfd1 Rad8 21. h3 g5 22. Qe3 b5 23. cxb5 axb5 24. Bb2 b4 25. Ne2 Ng6 26. Kh2 d5 27. exd5 Rxd5 28. Rxd5 Rxd5 29. Rxd5 Qxd5 30. Qd4 Qxd4 31. Bxd4 e5 32. Bb6 f5 33. Kg2 Kf7 34. Kf2 h5 35. Nc1 Ke6 36. Nd3 e4 37. fxe4 fxe4 38. Nc5+ Kd5 39. Na6 h4 40. Ba5 Ne5 41. gxh4 gxh4 42. Nc7+ Kc6 43. Ne6 Nd3+ 44. Ke3 Nc1 45. Kxe4 Nxa2 46. Nd4+ Kd7 47. Bb6 Bf6 48. Nc2 Bc3 49. Be3 Kc6 50. Bg5 Kb5 51. Bxh4 Nc1 52. Nd4+ Kc5 53. Ne6+ Kd6 54. Nf4 Nxb3 55. Nd3 Nc5+ 56. Nxc5 Kxc5 57. Kd3 Kd5 58. Bg5 Ke6 59. Bd2 Bxd2 60. Kxd2 Kf5 61. Kc2 Kg5 62. Kb3 Kh4 63. Kxb4 Kxh3 1/2-1/2

[Event "Titled Tuesday intern op 01st Aug Late"]
[Site "Chess.com INT"]
[Date "2023.08.01"]
[Round "1"]
[White "Grigorov, Grigor"]
[Black "Novikov, Evgenij"]
[Result "1-0"]
[WhiteElo "2510"]
[BlackElo "2276"]
[PlyCount "101"]
[EventDate "2023.08.01"]
[EventType "swiss (blitz)"]
[EventRounds "11"]
[EventCountry "USA"]
[SourceTitle "EXT 2024"]
[Source "ChessBase"]
[SourceDate "2023.10.10"]
[SourceVersion "1"]
[SourceVersionDate "2023.10.10"]
[SourceQuality "1"]

1. Nf3 d6 2. d4 Nd7 3. e4 c6 4. Bd3 e5 5. c3 Be7 6. 0-0 Ngf6 7. Re1 0-0 8. Nbd2 a5 9. a4 Re8 10. Nf1 Qc7 11. Ng3 Nf8 12. h3 Ng6 13. Bg5 h6 14. Be3 b6 15. Qd2 Kh7 16. Rad1 Ba6 17. Bc2 c5 18. Nf5 Bf8 19. d5 b5 20. axb5 Bxb5 21. g4 Ng8 22. Ra1 f6 23. Ba4 Qd7 24. Qc2 Reb8 25. b3 Nf4 26. Bxf4 exf4 27. e5 g6 28. N5h4 Qg7 29. e6 Ne7 30. Bxb5 Rxb5 31. c4 Rb7 32. Ng2 f5 33. g5 h5 34. Nxf4 Qh8 35. Ra3 Bg7 36. Qd2 Bc3 37. Qe3 Bxe1 38. Qxe1 Qb2 39. Rxa5 Rxa5 40. Qxa5 Qc1+ 41. Kg2 Qxf4 42. Qd8 Qc1 43. Qe8 Qb2 44. Qd8 Qg7 45. Qxd6 Rxb3 46. Qxc5 f4 47. d6 Nf5 48. d7 Rxf3 49. Kxf3 Nh4+ 50. Ke4 Qc3 51. Qe7+ 1-0

[Event "Titled Tuesday intern op 01st Aug Late"]
[Site "Chess.com INT"]
[Date "2023.08.01"]
[Round "4"]
[White "Grinev, Valeriy"]
[Black "Grigorov, Grigor"]
[Result "0-1"]
[WhiteElo "2418"]
[BlackElo "2510"]
[PlyCount "62"]
[EventDate "2023.08.01"]
[EventType "swiss (blitz)"]
[EventRounds "11"]
[EventCountry "USA"]
[SourceTitle "EXT 2024"]
[Source "ChessBase"]
[SourceDate "2023.10.10"]
[SourceVersion "1"]
[SourceVersionDate "2023.10.10"]
[SourceQuality "1"]

1. Nf3 Nf6 2. c4 b6 3. Nc3 Bb7 4. d4 e6 5. g3 Be7 6. Bg2 Ne4 7. Nxe4 Bxe4 8. 0-0 0-0 9. Bf4 d6 10. b3 Nd7 11. Bc1 c5 12. Bb2 Qc7 13. e3 Nf6 14. Qd2 Qb7 15. Ne1 Bxg2 16. Nxg2 cxd4 17. Qxd4 Rfd8 18. Rfd1 Rac8 19. Rac1 a6 20. a4 Bf8 21. h4 Ne4 22. h5 Ng5 23. Nh4 Nh3+ 24. Kf1 h6 25. Qg4 Ng5 26. f4 Qh1+ 27. Kf2 Ne4+ 28. Ke2 Qh2+ 29. Kf3 Qxb2 30. f5 Ng5+ 31. Kf4 e5# 0-1

[Event "Shumen Stojan Ivanov Memorial"]
[Site "Shumen"]
[Date "2023.07.29"]
[Round "7"]
[White "Grigorov, Grigor"]
[Black "Enchev, Ivajlo"]
[Result "1-0"]
[WhiteElo "2521"]
[BlackElo "2431"]
[PlyCount "175"]
[EventDate "2023.07.28"]
[EventType "swiss (rapid)"]
[EventRounds "11"]
[EventCountry "BUL"]
[SourceTitle "CBM 215 Extra"]
[Source "ChessBase"]
[SourceDate "2023.09.30"]
[SourceVersion "1"]
[SourceVersionDate "2023.09.30"]
[SourceQuality "1"]

1. Nf3 Nf6 2. d4 d5 3. c4 c6 4. cxd5 cxd5 5. Nc3 Nc6 6. Bf4 e6 7. e3 Be7 8. Bd3 Nh5 9. Be5 f6 10. Bg3 Qb6 11. a3 g6 12. Na4 Qd8 13. Rc1 0-0 14. 0-0 Nxg3 15. hxg3 Bd6 16. e4 Kg7 17. Re1 Bd7 18. Nc5 Bxc5 19. Rxc5 b6 20. Rc3 dxe4 21. Bxe4 Rc8 22. Bxc6 Rxc6 23. Rxc6 Bxc6 24. Rxe6 Bd5 25. Re3 Rf7 26. Ne1 Rd7 27. Qd2 a5 28. Qe2 Kf7 29. Qg4 Rd6 30. Qf4 Ba2 31. Nf3 Bd5 32. Ng5+ Kg7 33. Ne4 Rd7 34. Nc3 Bc4 35. Re4 Bd3 36. Re6 Bf5 37. Rc6 Rxd4 38. Qc7+ Qxc7 39. Rxc7+ Rd7 40. Rc6 b5 41. Rb6 Bd3 42. Nxb5 Bxb5 43. Rxb5 Rd1+ 44. Kh2 Rd2 45. b3 Rb2 46. g4 g5 47. Kg3 Kg6 48. Kf3 Rc2 49. a4 h5 50. gxh5+ Kxh5 51. Kg3 Kg6 52. f3 Rb2 53. Kh3 f5 54. Rb6+ Kg7 55. g3 Rf2 56. Rb5 Rxf3 57. Kg2 Rc3 58. Rxf5 Kg6 59. Rxa5 Rxb3 60. g4 Rb2+ 61. Kf3 Rb3+ 62. Kf2 Rb4 63. Ra6+ Kf7 64. Kf3 Rf4+ 65. Kg3 Rb4 66. a5 Rb3+ 67. Kf2 Rb4 68. Kf3 Rf4+ 69. Kg3 Rb4 70. Rb6 Ra4 71. a6 Ra3+ 72. Kf2 Ke7 73. Ke2 Kd7 74. Rg6 Kc7 75. Rg7+ Kb6 76. a7 Kc6 77. Kd2 Kd6 78. Kc2 Ke6 79. Kb2 Ra5 80. Kb3 Kf6 81. Rc7 Ra1 82. Kb4 Ke6 83. Kb5 Rb1+ 84. Kc6 Rc1+ 85. Kb7 Rb1+ 86. Kc8 Ra1 87. Kb8 Kd6 88. Rb7 1-0

[Event "Shumen Stojan Ivanov Memorial"]
[Site "Shumen"]
[Date "2023.07.28"]
[Round "2"]
[White "Stefanov, Krasen Rusev"]
[Black "Grigorov, Grigor"]
[Result "0-1"]
[WhiteElo "1763"]
[BlackElo "2521"]
[PlyCount "68"]
[EventDate "2023.07.28"]
[EventType "swiss (rapid)"]
[EventRounds "11"]
[EventCountry "BUL"]
[SourceTitle "CBM 215 Extra"]
[Source "ChessBase"]
[SourceDate "2023.09.30"]
[SourceVersion "1"]
[SourceVersionDate "2023.09.30"]
[SourceQuality "1"]

1. e4 c6 2. Nf3 d5 3. d3 g6 4. h3 Bg7 5. Nc3 e5 6. Be2 Ne7 7. 0-0 0-0 8. Bg5 f6 9. Bh4 d4 10. Nb1 c5 11. Nbd2 Nbc6 12. a3 Be6 13. Nh2 Qd7 14. Bg3 Rae8 15. f4 exf4 16. Bxf4 g5 17. Bg3 f5 18. exf5 Nxf5 19. Bf2 h6 20. Ne4 b6 21. Bh5 Rd8 22. Nf3 Nce7 23. Qd2 Nd5 24. Nfxg5 hxg5 25. Qxg5 Qe7 26. Qxe7 Ndxe7 27. Rae1 Ne3 28. Bxe3 dxe3 29. Ng5 Bd5 30. c4 Bh6 31. Nf3 Bxf3 32. Bxf3 Rxd3 33. Be4 Rxf1+ 34. Kxf1 Rd4 0-1

[Event "Titled Tuesday intern op 16th May Late"]
[Site "Chess.com INT"]
[Date "2023.05.16"]
[Round "5"]
[White "Grigorov, Grigor"]
[Black "Maltsevskaya, Aleksandra"]
[Result "0-1"]
[WhiteElo "2510"]
[BlackElo "2390"]
[PlyCount "84"]
[EventDate "2023.05.16"]
[EventType "swiss (blitz)"]
[EventRounds "11"]
[EventCountry "USA"]
[SourceTitle "CBM 214 Extra"]
[Source "ChessBase"]
[SourceDate "2023.07.31"]
[SourceVersion "1"]
[SourceVersionDate "2023.07.31"]
[SourceQuality "1"]

1. d4 Nf6 2. Nf3 g6 3. Bg5 Bg7 4. Nbd2 d5 5. e3 0-0 6. Be2 c5 7. c3 Nc6 8. dxc5 a5 9. a4 Nd7 10. Nb3 h6 11. Bh4 Nf6 12. 0-0 e5 13. h3 Be6 14. Bb5 g5 15. Bxc6 bxc6 16. Bg3 Nd7 17. Nfd2 f5 18. f4 gxf4 19. exf4 e4 20. Bf2 Kh7 21. Nd4 Bxd4 22. Bxd4 Rg8 23. Qh5 Rg6 24. Rf2 Rb8 25. Nf1 Qe7 26. Ne3 Rf8 27. b4 Qe8 28. Kh1 axb4 29. cxb4 Nf6 30. Qh4 Qb8 31. Rb2 Qa8 32. Raa2 Qa6 33. b5 Qa5 34. bxc6 Rf7 35. Rb7 Rgg7 36. Bxf6 Rxf6 37. Rxg7+ Kxg7 38. Rb2 Qxc5 39. Rb7+ Bf7 40. Qg3+ Kh7 41. c7 d4 42. Nf1 e3 0-1

[Event "Titled Tuesday intern op 16th May Late"]
[Site "Chess.com INT"]
[Date "2023.05.16"]
[Round "4"]
[White "Kochiev, Ivan"]
[Black "Grigorov, Grigor"]
[Result "0-1"]
[WhiteElo "2053"]
[BlackElo "2510"]
[PlyCount "90"]
[EventDate "2023.05.16"]
[EventType "swiss (blitz)"]
[EventRounds "11"]
[EventCountry "USA"]
[SourceTitle "CBM 214 Extra"]
[Source "ChessBase"]
[SourceDate "2023.07.31"]
[SourceVersion "1"]
[SourceVersionDate "2023.07.31"]
[SourceQuality "1"]

1. e4 c6 2. d4 d5 3. Nc3 dxe4 4. Nxe4 Nf6 5. Nxf6+ exf6 6. c3 Bd6 7. Bd3 Na6 8. Ne2 Nc7 9. 0-0 0-0 10. Nf4 Bxf4 11. Bxf4 Nd5 12. Bd2 Be6 13. Qf3 b5 14. Rfe1 Qd7 15. h3 Rfe8 16. a4 a6 17. axb5 axb5 18. Rxa8 Rxa8 19. c4 bxc4 20. Bxc4 h6 21. Qg3 Kh7 22. Bd3+ Bf5 23. Qg4 g6 24. Bxf5 Qxf5 25. Qxf5 gxf5 26. Rc1 Ra6 27. b4 Kg6 28. Rc5 Ra2 29. Bc3 Ra3 30. Bd2 Rd3 31. Rc2 Rxd4 32. Be3 Rd1+ 33. Kh2 Nxb4 34. Rc4 Rb1 35. Bd2 Nd3 36. Be3 Ne5 37. Rc3 Rd1 38. Rc2 Rd6 39. Kg3 Nd3 40. Rc3 h5 41. h4 Ne5 42. Bf4 Rd3+ 43. Rxd3 Nxd3 44. Bd6 c5 45. Kf3 Ne1+ 0-1

[Event "Titled Tuesday intern op 02nd May Late"]
[Site "Chess.com INT"]
[Date "2023.05.02"]
[Round "8"]
[White "Haszon, David"]
[Black "Grigorov, Grigor"]
[Result "1-0"]
[WhiteElo "2264"]
[BlackElo "2510"]
[PlyCount "85"]
[EventDate "2023.05.02"]
[EventType "swiss (blitz)"]
[EventRounds "11"]
[EventCountry "USA"]
[SourceTitle "EXT 2024"]
[Source "ChessBase"]
[SourceDate "2023.10.10"]
[SourceVersion "1"]
[SourceVersionDate "2023.10.10"]
[SourceQuality "1"]

1. d4 Nf6 2. Nf3 e6 3. Bf4 c5 4. e3 cxd4 5. exd4 b6 6. Nc3 Bb4 7. Bd3 Ba6 8. 0-0 Bxd3 9. Qxd3 Bxc3 10. Qxc3 Nd5 11. Qd2 Nxf4 12. Qxf4 0-0 13. d5 Qf6 14. Qxf6 gxf6 15. Rad1 Rc8 16. c3 Na6 17. Nd4 Nc5 18. Nf3 b5 19. Rd4 f5 20. Rfd1 Kg7 21. g4 Ne4 22. gxf5 exf5 23. d6 Kf6 24. Rd5 Rg8+ 25. Kf1 Rg4 26. Rxb5 Rf4 27. Rd3 Re8 28. Re3 Rg8 29. a4 Nxd6 30. Ra5 Nc4 31. Ra6+ d6 32. Rd3 Re8 33. b3 Nb2 34. Rdxd6+ Kg7 35. Nd4 Re5 36. f3 Re3 37. Kf2 Nd1+ 38. Kg3 Rxc3 39. Kxf4 Nf2 40. Kxf5 Rc5+ 41. Kf4 Nd3+ 42. Ke3 Nb4 43. Rxa7 1-0

[Event "Titled Tuesday intern op 25th Apr Early"]
[Site "Chess.com INT"]
[Date "2023.04.25"]
[Round "1"]
[White "Grigorov, Grigor"]
[Black "Fernandez Siles, Luis"]
[Result "1/2-1/2"]
[WhiteElo "2510"]
[BlackElo "2222"]
[PlyCount "66"]
[EventDate "2023.04.25"]
[EventType "swiss (blitz)"]
[EventRounds "11"]
[EventCountry "USA"]
[SourceTitle "EXT 2024"]
[Source "ChessBase"]
[SourceDate "2023.10.10"]
[SourceVersion "1"]
[SourceVersionDate "2023.10.10"]
[SourceQuality "1"]

1. d4 Nf6 2. Nf3 g6 3. Bg5 Bg7 4. Nbd2 0-0 5. c3 d5 6. e3 b6 7. Be2 c5 8. 0-0 Ba6 9. Bxa6 Nxa6 10. Qe2 Nb8 11. e4 dxe4 12. Nxe4 cxd4 13. Nxd4 Qd5 14. Bxf6 exf6 15. Qf3 Kh8 16. Rfd1 f5 17. Ng5 Qxf3 18. Ngxf3 Na6 19. Nc6 Rfc8 20. Ne7 Rc7 21. Nd5 Rd7 22. Rd2 Nc5 23. Rad1 Ne4 24. Rd3 Nc5 25. R3d2 Ne4 26. Rc2 Rad8 27. c4 Nf6 28. Ne5 Rb7 29. Nc6 Rd6 30. Ncb4 a5 31. Nd3 Nxd5 32. cxd5 Bf6 33. Nf4 Rbd7 1/2-1/2

[Event "Titled Tuesday intern op 25th Apr Early"]
[Site "Chess.com INT"]
[Date "2023.04.25"]
[Round "6"]
[White "Grigorov, Grigor"]
[Black "Sliwicka, Alicja"]
[Result "1-0"]
[WhiteElo "2510"]
[BlackElo "2289"]
[PlyCount "111"]
[EventDate "2023.04.25"]
[EventType "swiss (blitz)"]
[EventRounds "11"]
[EventCountry "USA"]
[SourceTitle "EXT 2024"]
[Source "ChessBase"]
[SourceDate "2023.10.10"]
[SourceVersion "1"]
[SourceVersionDate "2023.10.10"]
[SourceQuality "1"]

1. d4 Nf6 2. Nf3 d5 3. c4 e6 4. g3 Be7 5. Bg2 0-0 6. 0-0 b6 7. cxd5 exd5 8. Nc3 Bf5 9. Ne5 c6 10. Bf4 h6 11. Rc1 b5 12. Qb3 Qb6 13. Rfd1 Nbd7 14. Nxc6 Qxc6 15. Nxd5 Qe6 16. Nxe7+ Qxe7 17. Bxa8 Rxa8 18. Qxb5 Be4 19. f3 Bg6 20. e4 h5 21. h4 Nf8 22. d5 N6d7 23. Qb7 Re8 24. Qxa7 f5 25. e5 Nxe5 26. Qxe7 Rxe7 27. Kf2 Nfd7 28. Rc7 Re8 29. Rd2 Bf7 30. b3 Ra8 31. Kg2 Rb8 32. Rxd7 Nxd7 33. Bxb8 Nxb8 34. Kf2 Kf8 35. Ke3 Ke7 36. Kd4 Kd6 37. f4 Bxd5 38. Rc2 Nc6+ 39. Ke3 Nb4 40. Rd2 Kc5 41. a3 Nc6 42. b4+ Kd6 43. Rc2 Na7 44. Rc5 Nc6 45. Rb5 g6 46. Rb7 Ne7 47. Rb6+ Nc6 48. b5 Kc7 49. Rxc6+ Bxc6 50. bxc6 Kxc6 51. Kd4 Kd6 52. a4 Kc6 53. Ke5 Kb6 54. Kf6 Ka5 55. Kxg6 Kxa4 56. Kxf5 1-0